[Event "Championnat de France Minimes"]
[Site "MONTBELIARD"]
[Date "2014.04.20"]
[Round "1.1"]
[White "Bellahcene, Bilel"]
[Black "Doyen, Remi"]
[Result "1-0"]
[WhiteElo "2320"]
[BlackElo "1745"]
[PlyCount "39"]
[EventDate "2014.??.??"]

1. e4 c5 2. Nf3 d6 3. d4 cxd4 4. Qxd4 Nc6 5. Bb5 Bd7 6. Bxc6 Bxc6 7. Nc3 Nf6 8.
Bg5 e6 9. O-O-O Be7 10. Qd3 Qa5 11. h4 Rc8 12. Nd4 a6 13. Kb1 h6 14. Bd2 Qc7
15. f3 b5 16. g4 Nd7 17. g5 b4 18. Nce2 Ne5 19. Qb3 Nxf3 20. Qxf3 1-0

[Event "Championnat de France Minimes"]
[Site "MONTBELIARD"]
[Date "2014.04.20"]
[Round "1.2"]
[White "Bol, Frederic"]
[Black "Veys, Vincent"]
[Result "0-1"]
[WhiteElo "1740"]
[BlackElo "2201"]
[PlyCount "62"]
[EventDate "2014.??.??"]

1. e4 e5 2. Nc3 Nf6 3. f4 d5 4. fxe5 Nxe4 5. Nf3 Bc5 6. Qe2 Bf2+ 7. Kd1 Nxc3+
8. dxc3 Bc5 9. Bg5 Be7 10. Bxe7 Qxe7 11. Kd2 c5 12. Rd1 Nc6 13. Kc1 Be6 14. h4
h6 15. g3 O-O-O 16. Qf2 a6 17. Bh3 Bxh3 18. Rxh3 d4 19. cxd4 Qe6 20. Rhh1 Qxa2
21. c3 cxd4 22. cxd4 Nxd4 23. Nxd4 Kb8 24. Rh2 Qa4 25. Rd2 Rd5 26. Qe3 Rc8+ 27.
Rc2 Qa1+ 28. Kd2 Rcd8 29. Kd3 Qf1+ 30. Rhe2 Qf5+ 31. Kc3 Rc8+ 0-1

[Event "Championnat de France Minimes"]
[Site "MONTBELIARD"]
[Date "2014.04.20"]
[Round "1.4"]
[White "Rodriguez, Adrien"]
[Black "Boutillon, Nicolas"]
[Result "1-0"]
[WhiteElo "2180"]
[BlackElo "1735"]
[PlyCount "77"]
[EventDate "2014.??.??"]

1. d4 Nf6 2. Nf3 c5 3. c4 e6 4. Nc3 d5 5. cxd5 Nxd5 6. e4 Nf6 7. Be3 cxd4 8.
Nxd4 Bb4 9. Qa4+ Nc6 10. Nxc6 Bxc3+ 11. bxc3 bxc6 12. Rd1 Qc7 13. Bc5 Bd7 14.
Bd3 Qe5 15. Qd4 Qc7 16. O-O e5 17. Qd6 Qxd6 18. Bxd6 Be6 19. c4 Nd7 20. c5 a5
21. Rd2 f6 22. Rb1 Ra7 23. a4 Kf7 24. Rdb2 Rha8 25. Kf1 g5 26. Ke2 h5 27. Kd2
Ke8 28. Kc3 Kf7 29. f3 Ke8 30. Be2 h4 31. g3 Kf7 32. f4 hxg3 33. f5 Bxf5 34.
exf5 gxh2 35. Bh5+ Kg7 36. Rxh2 Rh8 37. Rbh1 Raa8 38. Bg6 Rac8 39. Rh7+ 1-0

[Event "Championnat de France Minimes"]
[Site "MONTBELIARD"]
[Date "2014.04.20"]
[Round "1.4"]
[White "Stamboulian, Brice"]
[Black "Rakotomaharo, Antenaina"]
[Result "0-1"]
[WhiteElo "1734"]
[BlackElo "2045"]
[PlyCount "62"]
[EventDate "2014.??.??"]

1. e4 c5 2. c3 g6 3. d4 cxd4 4. cxd4 d5 5. e5 Nc6 6. Nc3 Bg7 7. Nf3 Bg4 8. Bb5
Nh6 9. h3 Bxf3 10. Qxf3 O-O 11. Bxc6 bxc6 12. O-O Nf5 13. Rd1 e6 14. Na4 Qa5
15. b3 Nxd4 16. Rxd4 Qe1+ 17. Kh2 Qxe5+ 18. Bf4 Qxd4 19. Rd1 Qb4 20. Qg3 Rad8
21. Rc1 e5 22. Bxe5 Bxe5 23. Qxe5 Qd6 24. Qxd6 Rxd6 25. Re1 Re6 26. Rxe6 fxe6
27. Kg3 Kf7 28. Nc5 Ke7 29. Nd3 Kd6 30. f4 c5 31. Ne5 g5 0-1

[Event "Championnat de France Minimes"]
[Site "MONTBELIARD"]
[Date "2014.04.20"]
[Round "1.5"]
[White "Meunier, Clement"]
[Black "Folio, Sascha"]
[Result "1-0"]
[WhiteElo "2121"]
[BlackElo "1715"]
[PlyCount "61"]
[EventDate "2014.??.??"]

1. d4 Nf6 2. c4 d6 3. Nc3 g6 4. e4 Bg7 5. Nf3 O-O 6. Be2 Re8 7. O-O e5 8. d5
Nbd7 9. b4 Nh5 10. g3 Nf8 11. a4 f5 12. Ne1 Nf6 13. f3 h6 14. Be3 N8h7 15. c5
Nh5 16. Qd2 f4 17. Bf2 Ng5 18. Nd3 Rf8 19. g4 Nf6 20. Bh4 Nfh7 21. Be1 h5 22.
cxd6 cxd6 23. Bd1 hxg4 24. fxg4 f3 25. Nf2 Qb6 26. a5 Qxb4 27. h4 Rf4 28. hxg5
Bxg4 29. Nd3 Qc4 30. Ra4 Rxe4 31. Nxe4 1-0

[Event "Championnat de France Minimes"]
[Site "MONTBELIARD"]
[Date "2014.04.21"]
[Round "2.1"]
[White "O'Sullivan, Nicolas"]
[Black "Bellahcene, Bilel"]
[Result "0-1"]
[WhiteElo "1828"]
[BlackElo "2320"]
[PlyCount "46"]
[EventDate "2014.??.??"]

1. d4 Nf6 2. c4 e6 3. Nf3 c5 4. d5 b5 5. dxe6 fxe6 6. cxb5 d5 7. Bf4 Bd6 8. Bg3
Qe7 9. Qc2 e5 10. e3 Bg4 11. Nfd2 O-O 12. a4 e4 13. Bxd6 Qxd6 14. Na3 Nbd7 15.
Rc1 Bh5 16. h3 Rac8 17. g4 Bg6 18. Be2 Ne5 19. Qb3 Kh8 20. Nf1 Nd3+ 21. Bxd3
exd3 22. f3 Nd7 23. Qd1 c4 0-1

[Event "Championnat de France Minimes"]
[Site "MONTBELIARD"]
[Date "2014.04.21"]
[Round "2.2"]
[White "Veys, Vincent"]
[Black "Amghar, Ismael"]
[Result "1-0"]
[WhiteElo "2201"]
[BlackElo "1823"]
[PlyCount "85"]
[EventDate "2014.??.??"]

1. e4 c5 2. Nf3 d6 3. Bb5+ Nc6 4. O-O Bd7 5. c3 Nf6 6. Re1 g6 7. d4 Bg7 8. h3
cxd4 9. cxd4 O-O 10. Nc3 a6 11. Bc4 Rc8 12. Be3 Na5 13. Bd3 Nc4 14. Bxc4 Rxc4
15. Qb3 b5 16. e5 dxe5 17. dxe5 Ne4 18. Nxe4 Rxe4 19. Rac1 Be6 20. Qa3 Ra4 21.
Qc5 Qd5 22. a3 Qxc5 23. Bxc5 Re8 24. Nd4 Rc4 25. Nxe6 Rxc1 26. Rxc1 fxe6 27. f4
Rc8 28. Be3 Rxc1+ 29. Bxc1 g5 30. Kf2 gxf4 31. Bxf4 Kf7 32. g4 Ke8 33. Ke3 Kd7
34. h4 Kc6 35. Ke4 Kc5 36. b3 b4 37. a4 Bf8 38. h5 Kc6 39. h6 Kc5 40. g5 Kc6
41. Kd4 Kb6 42. Kc4 a5 43. Be3+ 1-0

[Event "Championnat de France Minimes"]
[Site "MONTBELIARD"]
[Date "2014.04.21"]
[Round "2.3"]
[White "Massardo, Quentin"]
[Black "Rodriguez, Adrien"]
[Result "0-1"]
[WhiteElo "1827"]
[BlackElo "2180"]
[PlyCount "28"]
[EventDate "2014.??.??"]

1. d4 Nf6 2. c4 e6 3. Nc3 d5 4. Nf3 c5 5. dxc5 Bxc5 6. cxd5 exd5 7. Qb3 Nc6 8.
a3 O-O 9. Bg5 d4 10. Rd1 Qa5 11. Bxf6 gxf6 12. Qc4 dxc3 13. bxc3 Be6 14. Qd3
Rad8 0-1

[Event "Championnat de France Minimes"]
[Site "MONTBELIARD"]
[Date "2014.04.21"]
[Round "2.4"]
[White "Rakotomaharo, Antenaina"]
[Black "Mangold, Noe"]
[Result "1-0"]
[WhiteElo "2045"]
[BlackElo "1816"]
[PlyCount "83"]
[EventDate "2014.??.??"]

1. d4 d5 2. Bg5 Nf6 3. Bxf6 exf6 4. e3 Bd6 5. c4 c6 6. Nc3 dxc4 7. Bxc4 O-O 8.
Nf3 Bg4 9. h3 Bh5 10. g4 Bg6 11. Nh4 Kh8 12. Qb3 b5 13. Be2 Nd7 14. Bf3 Rc8 15.
Nf5 Nb6 16. a4 bxa4 17. Nxa4 Nd5 18. Nxd6 Qxd6 19. Bxd5 Rb8 20. Qa2 Qb4+ 21.
Nc3 cxd5 22. O-O f5 23. Qxa7 fxg4 24. hxg4 Qxb2 25. Qa3 Qb7 26. Qd6 Rbd8 27.
Qf4 f5 28. g5 Qb2 29. Na4 Qe2 30. Nc5 Rde8 31. Rfe1 Qh5 32. Kg2 Kg8 33. f3 h6
34. gxh6 gxh6 35. Kf2 Qg5 36. Qxg5 hxg5 37. Ra6 Kf7 38. Nd7 Rh8 39. Ne5+ Rxe5
40. dxe5 Rh2+ 41. Kg3 Rd2 42. Rc1 1-0

[Event "Championnat de France Minimes"]
[Site "MONTBELIARD"]
[Date "2014.04.21"]
[Round "2.5"]
[White "Bianchi, Tobias"]
[Black "Meunier, Clement"]
[Result "0-1"]
[WhiteElo "1818"]
[BlackElo "2121"]
[PlyCount "64"]
[EventDate "2014.??.??"]

1. e4 e5 2. Nf3 Nc6 3. Bc4 Bc5 4. b4 Bxb4 5. c3 Ba5 6. d4 exd4 7. O-O d6 8.
cxd4 Nf6 9. d5 Nb8 10. e5 dxe5 11. Ba3 c6 12. Qe2 e4 13. dxc6 Nxc6 14. Ng5 Be6
15. Bxe6 fxe6 16. Nxe6 Qd5 17. Nc5 Qe5 18. Nxb7 Bc7 19. g3 Nd4 20. Qc4 Nf3+ 21.
Kg2 h5 22. Rc1 Nd5 23. Qc6+ Kf7 24. Rc5 Rad8 25. Nxd8+ Rxd8 26. Nc3 Nd4 27. Qb7
Qf5 28. Rxd5 Qf3+ 29. Kg1 Qxc3 30. Rf1 Ne2+ 31. Kg2 Qf3+ 32. Kh3 Nf4+ 0-1

[Event "Championnat de France Minimes"]
[Site "MONTBELIARD"]
[Date "2014.04.21"]
[Round "3.1"]
[White "Bellahcene, Bilel"]
[Black "De Lussac, Rainier"]
[Result "1-0"]
[WhiteElo "2320"]
[BlackElo "1866"]
[PlyCount "49"]
[EventDate "2014.??.??"]

1. e4 c5 2. Nf3 e6 3. d4 cxd4 4. Nxd4 Nc6 5. Nc3 Qc7 6. Be3 a6 7. Be2 Nf6 8. a3
Be7 9. f4 d6 10. g4 Nxd4 11. Qxd4 e5 12. Qd2 exf4 13. Bxf4 Be6 14. g5 Nd7 15.
O-O-O Ne5 16. h4 O-O-O 17. Nd5 Bxd5 18. Qxd5 Rhf8 19. Rh3 Kb8 20. Rc3 Nc6 21.
Bxa6 Qa5 22. Bxb7 Qxd5 23. exd5 Kxb7 24. dxc6+ Kc7 25. Re1 1-0

[Event "Championnat de France Minimes"]
[Site "MONTBELIARD"]
[Date "2014.04.21"]
[Round "3.2"]
[White "De Hooghe, Albert"]
[Black "Veys, Vincent"]
[Result "0-1"]
[WhiteElo "1868"]
[BlackElo "2201"]
[PlyCount "106"]
[EventDate "2014.??.??"]

1. d4 d5 2. c4 c6 3. Nf3 Nf6 4. Nc3 dxc4 5. a4 Bf5 6. Ne5 e6 7. f3 Bb4 8. Nxc4
Na6 9. Bg5 h6 10. Bh4 c5 11. dxc5 Qxd1+ 12. Rxd1 O-O 13. Bxf6 gxf6 14. e4 Bg6
15. c6 bxc6 16. Ne5 Nc5 17. Nxc6 Bxc3+ 18. bxc3 Nxa4 19. Ra1 Nc5 20. Ra5 Nb7
21. Rxa7 Rxa7 22. Nxa7 Ra8 23. Nb5 f5 24. exf5 Bxf5 25. Kf2 Ra1 26. Rg1 Ra2+
27. Ke3 Ra1 28. g4 Bg6 29. f4 Kf8 30. Rh1 Re1+ 31. Kd2 Rb1 32. Nd4 Be4 33. Rg1
Nd6 34. Ke3 Bd5 35. Ne2 Nb5 36. Kf2 Rb2 37. Rg3 Bc4 38. Ke1 Nd6 39. Re3 Ba6 40.
Re5 Nc4 41. Re4 Rb1+ 42. Kf2 Rxf1+ 43. Kxf1 Nd2+ 44. Kg2 Nxe4 45. Nd4 Nxc3 46.
Nb3 Bb7+ 47. Kh3 Ne2 48. f5 e5 49. Nc5 Bc6 50. Kh4 e4 51. g5 hxg5+ 52. Kxg5 Nc1
53. Kf4 Nd3+ 0-1

[Event "Championnat de France Minimes"]
[Site "MONTBELIARD"]
[Date "2014.04.21"]
[Round "3.3"]
[White "Rodriguez, Adrien"]
[Black "Estadieu, Romeo"]
[Result "1-0"]
[WhiteElo "2180"]
[BlackElo "1815"]
[PlyCount "105"]
[EventDate "2014.??.??"]

1. d4 Nf6 2. Nf3 g6 3. c4 Bg7 4. g3 d6 5. Bg2 O-O 6. O-O Nbd7 7. Nc3 e5 8. Qc2
Re8 9. dxe5 dxe5 10. Rd1 c6 11. Ng5 Qc7 12. Nge4 Bf8 13. Qd3 Be7 14. Nd6 Rd8
15. Nxc8 Raxc8 16. Qf3 Nc5 17. Bg5 Ne8 18. Bxe7 Qxe7 19. Qe3 a6 20. g4 f6 21.
f4 Nd7 22. Rf1 Qc5 23. Qxc5 Nxc5 24. fxe5 fxe5 25. Rad1 Ne6 26. e3 Kg7 27. Ne4
Rxd1 28. Rxd1 Rd8 29. Rxd8 Nxd8 30. g5 Ne6 31. h4 h6 32. Bh3 Nd8 33. Bd7 Nc7
34. gxh6+ Kxh6 35. Kf2 Kg7 36. Kf3 Kf7 37. Bc8 Ke7 38. Nc5 b6 39. Nd7 Kd6 40.
Nf8 Kc5 41. Nxg6 Kxc4 42. Ke4 b5 43. h5 Ne8 44. Nxe5+ Kc5 45. h6 Nf6+ 46. Kf5
Nh7 47. Nd7+ Kd6 48. Kg6 Kc7 49. Kxh7 Nf7 50. Kg7 Nxh6 51. Nb6 Ng8 52. Kxg8
Kxb6 53. e4 1-0

[Event "Championnat de France Minimes"]
[Site "MONTBELIARD"]
[Date "2014.04.21"]
[Round "3.4"]
[White "Dietrich, Thomas"]
[Black "Rakotomaharo, Antenaina"]
[Result "0-1"]
[WhiteElo "1866"]
[BlackElo "2045"]
[PlyCount "122"]
[EventDate "2014.??.??"]

1. e4 c5 2. Nc3 Nc6 3. g3 g6 4. Bg2 Bg7 5. f4 d6 6. Nf3 e6 7. d3 Nge7 8. O-O
O-O 9. Be3 Rb8 10. a4 b6 11. Rb1 d5 12. exd5 exd5 13. d4 Nf5 14. Bf2 cxd4 15.
Nxd5 Ba6 16. Re1 Bc4 17. g4 Bxd5 18. gxf5 gxf5 19. Bh3 Qd6 20. Nh4 Qxf4 21.
Bxf5 Qg5+ 22. Bg3 Ne5 23. Kf2 Ng6 24. Qg4 Qxg4 25. Bxg4 Nxh4 26. Bxh4 f5 27.
Bh5 Be4 28. Rbc1 Bf6 29. Bxf6 Rxf6 30. Bf3 Rc8 31. Kg3 Bxc2 32. Bd1 d3 33. Bxc2
Rxc2 34. Rcd1 Re2 35. Rxe2 dxe2 36. Re1 Re6 37. Kf4 Re4+ 38. Kxf5 Rxa4 39. Rxe2
Kf7 40. Kg5 Rb4 41. h4 Rd4 42. h5 Rd6 43. b4 h6+ 44. Kf5 Rd5+ 45. Kg4 Rd4+ 46.
Kf5 Rxb4 47. Rc2 Rb5+ 48. Kg4 Rg5+ 49. Kh4 Rc5 50. Rf2+ Ke6 51. Re2+ Re5 52.
Rg2 Re4+ 53. Kh3 Kf5 54. Rg6 Re6 55. Rg3 b5 56. Kh4 Rb6 57. Ra3 b4 58. Rxa7 b3
59. Ra5+ Kf4 60. Ra1 b2 61. Rb1 Ke4 0-1

[Event "Championnat de France Minimes"]
[Site "MONTBELIARD"]
[Date "2014.04.21"]
[Round "3.5"]
[White "Meunier, Clement"]
[Black "Baudry, Emilien"]
[Result "1-0"]
[WhiteElo "2121"]
[BlackElo "1839"]
[PlyCount "43"]
[EventDate "2014.??.??"]

1. d4 Nf6 2. c4 e5 3. dxe5 Ne4 4. a3 Nc6 5. Nf3 d6 6. b4 Nxe5 7. Qd4 Nxf3+ 8.
exf3 Nf6 9. Bb2 Be7 10. Bd3 O-O 11. O-O d5 12. Qc3 d4 13. Qc2 c5 14. bxc5 Bxc5
15. Nd2 b6 16. Nb3 Bb7 17. Rad1 g6 18. Be2 Qe7 19. Nxd4 Bxa3 20. Ba1 Nh5 21.
Qc3 Bb4 22. Nc6 1-0

[Event "Championnat de France Minimes"]
[Site "MONTBELIARD"]
[Date "2014.04.22"]
[Round "4.1"]
[White "Flick, Antoine"]
[Black "Bellahcene, Bilel"]
[Result "0-1"]
[WhiteElo "2045"]
[BlackElo "2320"]
[PlyCount "70"]
[EventDate "2014.??.??"]

1. d4 Nf6 2. Nf3 e6 3. c4 c5 4. g3 cxd4 5. Nxd4 Qc7 6. Nc3 a6 7. Bg2 d6 8. O-O
Be7 9. e4 O-O 10. Be3 Nc6 11. Nxc6 bxc6 12. Rc1 Bb7 13. c5 d5 14. f4 a5 15.
exd5 cxd5 16. Kh1 Rfd8 17. Bd4 Bc6 18. Qe2 Ne4 19. Nxe4 dxe4 20. Rfd1 f5 21.
Qe3 Bd5 22. Bf1 Qc6 23. b3 Rdb8 24. Rb1 Rb7 25. Rd2 Rab8 26. Rc2 Rb4 27. Bc3
Bxc5 28. Bxb4 Bxe3 29. Rxc6 Bxc6 30. Bxa5 Bd5 31. Be1 g5 32. fxg5 Bxg5 33. Be2
Rc8 34. Bd1 e3+ 35. Kg1 Be4 0-1

[Event "Championnat de France Minimes"]
[Site "MONTBELIARD"]
[Date "2014.04.22"]
[Round "4.2"]
[White "Veys, Vincent"]
[Black "Philippe, Guillaume"]
[Result "1/2-1/2"]
[WhiteElo "2201"]
[BlackElo "1792"]
[PlyCount "203"]
[EventDate "2014.??.??"]

1. e4 c5 2. Nf3 e6 3. d4 cxd4 4. Nxd4 a6 5. Bd3 Nf6 6. Nc3 d6 7. O-O Be7 8. Be3
Qc7 9. f4 Nbd7 10. Nb3 b5 11. a3 Bb7 12. Qe1 O-O 13. Qg3 Rfe8 14. Rae1 Kh8 15.
Qh3 e5 16. fxe5 Nxe5 17. Nd4 Nfg4 18. Kh1 Nxe3 19. Rxe3 g6 20. Nf3 Bf6 21. Qg3
Nxf3 22. Qxf3 Bxc3 23. bxc3 f5 24. Qf4 fxe4 25. Bxe4 Bxe4 26. Rxe4 Rf8 27.
Qxf8+ Rxf8 28. Rxf8+ Kg7 29. Rf3 d5 30. Re6 a5 31. h3 Qc5 32. Re1 Qxa3 33. Rd1
Qc5 34. Rfd3 a4 35. Rxd5 Qxc3 36. Rxb5 Qxc2 37. Ra1 Qc3 38. Rbb1 a3 39. Ra2 h5
40. Rba1 Kh6 41. Rxa3 Qe5 42. Ra4 Qc3 43. Rd1 Qc2 44. Rad4 Qc3 45. Kh2 Qc7+ 46.
g3 Qc2+ 47. R1d2 Qc3 48. h4 Qc7 49. Rd7 Qc6 50. Rf7 Qc3 51. Rdd7 Qh8 52. Rb7
Qg8 53. Kg2 Qh8 54. Kf1 Qa1+ 55. Ke2 Qe5+ 56. Kf3 Qc3+ 57. Kg2 Qh8 58. Kh3 Qc8+
59. Kh2 Qh8 60. Kg2 Qg8 61. Ra7 Qh8 62. Kf1 Qg8 63. Rab7 Qh8 64. Ke2 Qe5+ 65.
Kd2 Qd4+ 66. Kc2 Qh8 67. Kd3 Qd8+ 68. Rbd7 Qh8 69. Ke4 Qe8+ 70. Rfe7 Qg8 71.
Ke5 Qh8+ 72. Ke6 Qg8+ 73. Kd6 Qb8+ 74. Rc7 Qd8+ 75. Ke5 Qh8+ 76. Ke4 Qg8 77.
Rf7 Qh8 78. Rb7 Qe8+ 79. Kd5 Qg8 80. Rbd7 Qa8+ 81. Kc5 Qc8+ 82. Rc7 Qh8 83. Kd6
Qd8+ 84. Ke6 Qe8+ 85. Kf6 Qd8+ 86. Ke6 Qe8+ 87. Rfe7 Qg8+ 88. Kd6 Qd8+ 89. Kc6
Qa8+ 90. Kb6 Qb8+ 91. Rb7 Qd8+ 92. Ka6 Qa8+ 93. Kb5 Qh8 94. Kc4 Qg8+ 95. Kd3
Qd8+ 96. Ke4 Qh8 97. Rh7+ Qxh7 98. Rxh7+ Kxh7 99. Ke5 Kg7 100. Ke6 g5 101. Kf5
gxh4 102. gxh4 1/2-1/2

[Event "Championnat de France Minimes"]
[Site "MONTBELIARD"]
[Date "2014.04.22"]
[Round "4.3"]
[White "Colin, Enzo"]
[Black "Rodriguez, Adrien"]
[Result "1/2-1/2"]
[WhiteElo "1804"]
[BlackElo "2180"]
[PlyCount "121"]
[EventDate "2014.??.??"]

1. e4 c5 2. Nf3 d6 3. d4 cxd4 4. Qxd4 Bd7 5. c4 Nc6 6. Qd2 Nf6 7. Nc3 g6 8. b3
Bg7 9. Bb2 O-O 10. h3 Qa5 11. Rb1 Rfc8 12. a3 h6 13. Bd3 Rab8 14. O-O e6 15. b4
Qd8 16. Rfe1 b6 17. Nb5 Qe7 18. Nxd6 Qxd6 19. e5 Ne4 20. exd6 Nxd2 21. Nxd2
Bxb2 22. Rxb2 Nd4 23. Ne4 Kg7 24. c5 f5 25. Ba6 Rd8 26. Rd2 Nb3 27. Rd3 fxe4
28. Rxb3 bxc5 29. Rxe4 Rb6 30. Bc4 cxb4 31. Bxe6 bxa3 32. Rxa3 a6 33. Bc4 Rxd6
34. Rxa6 Rxa6 35. Bxa6 Bc6 36. Re3 Rd2 37. Bd3 Bd5 38. Rg3 g5 39. h4 Kf6 40.
hxg5+ hxg5 41. Re3 Ra2 42. Be4 Be6 43. Bd3 Bd5 44. Rh3 Rd2 45. Re3 Ra2 46. Rh3
Rd2 47. Re3 Ra2 48. Be4 Bxe4 49. Rxe4 Kf5 50. Re8 Kf4 51. Rf8+ Kg4 52. Kh2 Kh5
53. f4 gxf4 54. Rxf4 Kg5 55. Rf8 Ra3 56. g3 Ra1 57. Rg8+ Kf5 58. g4+ Kf6 59.
g5+ Kf7 60. Rb8 Kg6 61. Rb5 1/2-1/2

[Event "Championnat de France Minimes"]
[Site "MONTBELIARD"]
[Date "2014.04.22"]
[Round "4.4"]
[White "Rakotomaharo, Antenaina"]
[Black "Dauxois, Timothee"]
[Result "1/2-1/2"]
[WhiteElo "2045"]
[BlackElo "1786"]
[PlyCount "149"]
[EventDate "2014.??.??"]

1. d4 d5 2. Bg5 Nd7 3. c4 c6 4. cxd5 cxd5 5. Nc3 Ngf6 6. e3 e6 7. Nf3 Be7 8.
Bd3 O-O 9. O-O a6 10. a4 b6 11. Qe2 Bb7 12. Rfc1 Nb8 13. Ne5 Nfd7 14. Bxe7 Qxe7
15. f4 f6 16. Nxd7 Qxd7 17. b4 Nc6 18. Rab1 Ne7 19. Rb2 Nc8 20. Qc2 g6 21. Nd1
Nd6 22. Qc7 Rfd8 23. Qxd7 Rxd7 24. Rbc2 Rdd8 25. Rc7 Rac8 26. R1c2 b5 27. axb5
axb5 28. R2c5 Rxc7 29. Rxc7 Bc8 30. Nc3 Bd7 31. Kf2 f5 32. Ke2 Kf8 33. Ra7 Ke8
34. Ra6 Ke7 35. Ra7 Ke8 36. Kd2 Rb8 37. Kc2 Kd8 38. Kb2 Kc8 39. Ne2 Nc4+ 40.
Bxc4 dxc4 41. Nc3 Rb7 42. Ra6 Kc7 43. d5 Rb6 44. Ra8 Rb8 45. Rxb8 Kxb8 46. dxe6
Bc6 47. e7 Kc7 48. Nd5+ Kd6 49. e8=Q Bxe8 50. Nf6 Bc6 51. Nxh7 Bxg2 52. Nf8 Kd5
53. Kc3 Ke4 54. Kd2 Bf1 55. h4 c3+ 56. Kxc3 Kxe3 57. Nxg6 Be2 58. Ne7 Kxf4 59.
Kd4 Kg4 60. h5 Kxh5 61. Nxf5 Kg5 62. Ke5 Bf1 63. Ne3 Be2 64. Nc2 Kg6 65. Nd4
Bf1 66. Ke6 Kg7 67. Ke7 Bd3 68. Ne6+ Kg8 69. Nc7 Bf1 70. Kd7 Kf7 71. Kc6 Ke7
72. Nxb5 Kd8 73. Nd6 Be2 74. b5 Bxb5+ 75. Nxb5 1/2-1/2

[Event "Championnat de France Minimes"]
[Site "MONTBELIARD"]
[Date "2014.04.22"]
[Round "4.5"]
[White "Baudry, Emilien"]
[Black "Meunier, Clement"]
[Result "1/2-1/2"]
[WhiteElo "1839"]
[BlackElo "2121"]
[PlyCount "206"]
[EventDate "2014.??.??"]

1. e4 e5 2. Nf3 Nc6 3. Bb5 a6 4. Ba4 Nf6 5. O-O b5 6. Bb3 Bc5 7. c3 d6 8. h3
Bb7 9. d4 Bb6 10. Re1 h6 11. Bc2 O-O 12. Be3 exd4 13. cxd4 Nb4 14. Nbd2 Re8 15.
d5 c6 16. dxc6 Bxc6 17. Bxb6 Qxb6 18. Bb1 a5 19. a3 Na6 20. e5 dxe5 21. Nxe5
Bd5 22. Nb3 Rad8 23. Qc2 Qd6 24. Nd3 Rxe1+ 25. Nxe1 Qe6 26. Ba2 Rc8 27. Qd3 Bc4
28. Nd4 Qb6 29. Bxc4 bxc4 30. Qf5 Re8 31. Ndc2 a4 32. Rb1 c3 33. Ne3 cxb2 34.
Qc2 Nc5 35. Rxb2 Nb3 36. Nd3 Ne4 37. Nc4 Qd4 38. Nce5 Nc3 39. Nf3 Qc4 40. Nd2
Nxd2 41. Qxd2 Re2 42. Rb8+ Kh7 43. Nb2 Qc7 44. Qd3+ g6 45. Qg3 Re1+ 46. Kh2
Qxg3+ 47. Kxg3 Rb1 48. Rb4 Kg7 49. Rb6 Ra1 50. Nc4 Nd5 51. Rb5 Rc1 52. Rxd5
Rxc4 53. Rd3 Rc2 54. f3 Ra2 55. Re3 Kf6 56. f4 h5 57. h4 Rb2 58. Kf3 Kf5 59.
Re5+ Kf6 60. Re3 Rb3 61. Ke4 Rxe3+ 62. Kxe3 Kf5 63. Kf3 f6 64. g3 g5 65. fxg5
fxg5 66. hxg5 Kxg5 67. Kg2 Kf6 68. Kf2 Kg5 69. Kg2 Kg4 70. Kf2 Kf5 71. Kf3 Ke5
72. Ke3 Kd5 73. Kd3 Ke5 74. Ke3 Kf5 75. Kf3 Kg5 76. Kg2 Kg6 77. Kh3 Kg5 78. Kg2
Kf6 79. Kf2 Ke6 80. Ke2 Kd6 81. Kd2 Kc6 82. Kc2 Kb6 83. Kd2 Kb5 84. Kd3 Kc5 85.
Kc3 Kd5 86. Kd3 Ke5 87. Ke3 Kf5 88. Kf3 Kg6 89. Kg2 Kf6 90. Kf2 Ke6 91. Ke2 Kd6
92. Kd2 Kc6 93. Kc2 Kb6 94. Kd2 Kb5 95. Kd3 Kc5 96. Kc3 Kd5 97. Kd3 Ke5 98. Ke3
Kf6 99. Kf2 Kg5 100. Ke3 Kh6 101. Kf4 Kg6 102. Ke4 Kg5 103. Ke3 Kf5 1/2-1/2

[Event "Championnat de France Minimes"]
[Site "MONTBELIARD"]
[Date "2014.04.23"]
[Round "5.1"]
[White "Bellahcene, Bilel"]
[Black "Veys, Vincent"]
[Result "1-0"]
[WhiteElo "2320"]
[BlackElo "2201"]
[PlyCount "61"]
[EventDate "2014.??.??"]

1. Nf3 Nf6 2. c4 c6 3. e3 d5 4. Nc3 Bg4 5. cxd5 Bxf3 6. Qxf3 cxd5 7. Bb5+ Nc6
8. Bxc6+ bxc6 9. b3 g6 10. Bb2 Bg7 11. Rc1 Ne4 12. Rc2 Nc5 13. O-O Nd3 14. Ba3
Qd7 15. Qe2 Ne5 16. d4 Ng4 17. Na4 Nf6 18. Rfc1 O-O 19. Rxc6 Rfe8 20. Rc7 Qe6
21. h3 Ne4 22. R1c6 Qf5 23. f3 Nd6 24. g4 Qg5 25. Nc3 Bh6 26. f4 Qh4 27. Kg2
Bf8 28. Qf2 Qh6 29. Bxd6 exd6 30. Nxd5 Qg7 31. f5 1-0

[Event "Championnat de France Minimes"]
[Site "MONTBELIARD"]
[Date "2014.04.23"]
[Round "5.2"]
[White "Rodriguez, Adrien"]
[Black "Guerry, Emilien"]
[Result "1-0"]
[WhiteElo "2180"]
[BlackElo "1791"]
[PlyCount "57"]
[EventDate "2014.??.??"]

1. d4 d5 2. Nf3 e6 3. c4 c6 4. e3 Nf6 5. Bd3 Nbd7 6. O-O Bd6 7. Nbd2 O-O 8. Qc2
Re8 9. Re1 h6 10. e4 dxc4 11. Nxc4 Bc7 12. b4 b6 13. Nce5 Nxe5 14. dxe5 Nd7 15.
Qxc6 Nxe5 16. Qxa8 Nxf3+ 17. gxf3 Qxd3 18. Be3 Qd6 19. f4 g5 20. Rad1 Qe7 21.
Qxa7 gxf4 22. Bxf4 e5 23. Bg3 h5 24. Rc1 Bh3 25. Qxc7 Qf6 26. Qc3 Kh7 27. f4 h4
28. Qf3 Qh6 29. fxe5 1-0

[Event "Championnat de France Minimes"]
[Site "MONTBELIARD"]
[Date "2014.04.23"]
[Round "5.3"]
[White "Philippe, Guillaume"]
[Black "Rakotomaharo, Antenaina"]
[Result "0-1"]
[WhiteElo "1792"]
[BlackElo "2045"]
[PlyCount "80"]
[EventDate "2014.??.??"]

1. g3 d5 2. Bg2 Nf6 3. Nf3 Bf5 4. O-O e6 5. c4 c6 6. b3 Bc5 7. d4 Bd6 8. Nbd2
O-O 9. Bb2 a5 10. a3 b5 11. Ne5 a4 12. cxb5 cxb5 13. Re1 Nbd7 14. Nxd7 Qxd7 15.
f3 Rac8 16. e4 dxe4 17. fxe4 Bg4 18. Nf3 Bb8 19. b4 Rfd8 20. Rc1 Ba7 21. Kh1
Rxc1 22. Qxc1 Bxf3 23. Bxf3 Bxd4 24. Bxd4 Qxd4 25. Rd1 Qb6 26. Rxd8+ Qxd8 27.
Qc6 g5 28. Qxb5 Qd2 29. Qxa4 Qe1+ 30. Kg2 g4 31. Bd1 Qxe4+ 32. Kg1 Qe1+ 33. Kg2
Qd2+ 34. Kg1 Nd5 35. Bxg4 Ne3 36. Qa8+ Kg7 37. h4 Qe1+ 38. Kh2 Qf2+ 39. Kh3
Qf1+ 40. Kh2 Nxg4# 0-1

[Event "Championnat de France Minimes"]
[Site "MONTBELIARD"]
[Date "2014.04.23"]
[Round "5.4"]
[White "Meunier, Clement"]
[Black "Colin, Enzo"]
[Result "1-0"]
[WhiteElo "2121"]
[BlackElo "1804"]
[PlyCount "85"]
[EventDate "2014.??.??"]

1. g3 Nf6 2. Bg2 g6 3. Nf3 Bg7 4. O-O O-O 5. c4 c5 6. d4 cxd4 7. Nxd4 Nc6 8.
Nc2 d6 9. Nc3 Be6 10. b3 Qd7 11. Bb2 Bh3 12. Qd3 Ne5 13. Qd2 h5 14. f4 Nc6 15.
Qd3 Bxg2 16. Kxg2 Rfd8 17. Rad1 Rac8 18. e4 Bh6 19. Nd5 Bg7 20. Nxf6+ Bxf6 21.
Bxf6 exf6 22. c5 Nb8 23. cxd6 Qe6 24. Rd2 Na6 25. Qd4 Rxd6 26. Qxd6 Qxe4+ 27.
Kg1 Rxc2 28. Rxc2 Qxc2 29. f5 Qe4 30. Qf4 Qxf4 31. Rxf4 g5 32. Rc4 Kg7 33. Kf2
b5 34. Rc8 Nb4 35. a3 Nd3+ 36. Ke3 Ne5 37. h3 a5 38. Rc5 a4 39. Rxb5 axb3 40.
Rxb3 g4 41. hxg4 hxg4 42. Kf4 Kf8 43. a4 1-0

[Event "Championnat de France Minimes"]
[Site "MONTBELIARD"]
[Date "2014.04.23"]
[Round "5.5"]
[White "Dauxois, Timothee"]
[Black "Flick, Antoine"]
[Result "0-1"]
[WhiteElo "1786"]
[BlackElo "2045"]
[PlyCount "118"]
[EventDate "2014.??.??"]

1. e4 c5 2. Nf3 Nc6 3. d4 cxd4 4. Nxd4 e5 5. Nb3 Nf6 6. f3 d5 7. exd5 Qxd5 8.
N1d2 Be7 9. Bc4 Qd8 10. O-O O-O 11. Qe2 Bf5 12. c3 Qc7 13. Ne4 Rad8 14. Nxf6+
Bxf6 15. Be3 Rfe8 16. Nd2 Nd4 17. Bxd4 exd4 18. Ne4 Bxe4 19. fxe4 dxc3 20. bxc3
Qe5 21. Rad1 h6 22. Rxd8 Rxd8 23. Rf5 Qxc3 24. Bd5 b6 25. g3 Rc8 26. Bb3 Qd4+
27. Kg2 Re8 28. Kf3 Re7 29. Rd5 Qc3+ 30. Rd3 Qc7 31. Qd2 Kh7 32. Bd5 g6 33. h4
h5 34. Kg2 Kg7 35. Qd1 Qc5 36. Qd2 Rc7 37. Bb3 Qe5 38. Qe2 Qe8 39. Kf3 Be5 40.
Kg2 Qc8 41. Rd5 Qe8 42. Rd3 Qe7 43. Qd2 a6 44. Qe2 b5 45. Qd2 Ra7 46. Rf3 Qe8
47. Qf2 Rd7 48. Bd5 Rc7 49. Bb3 a5 50. Rd3 a4 51. Bd5 Qc8 52. Rd2 f6 53. Qe2
Qb8 54. Rd3 b4 55. Qd1 Qe8 56. g4 hxg4 57. Qxg4 Rc2+ 58. Kf3 Qb5 59. Ke3 Qc5+
0-1